| 000 | 00489nam a22001697a 4500 | ||
|---|---|---|---|
| 005 | 20240109113719.0 | ||
| 008 | 190503b xxu||||| |||| 00| 0 eng d | ||
| 020 | _a978-93-88194-35-8 | ||
| 041 | _aeng | ||
| 100 |
_aRANE, DR.BHUSHAN R.,JAIN DR. ASHISH S.,AND BAKLIWAL,SUNIL R. _98341 |
||
| 245 | _aA PRACTICAL BOOK OF PHARMACEUTICAL ENGINEERING (SEM-III) | ||
| 250 | _a2nd, ed.2019 | ||
| 260 |
_aPUNE _bNIRALI PRAKASHAN |
||
| 300 | _a64 p, | ||
| 650 |
_aPHARMACY _xB.PHARMA |
||
| 942 | _cBK | ||
| 999 |
_c5845 _d5843 |
||